| 000 | 01236cam a2200205 4500 | ||
|---|---|---|---|
| 001 | WB3844-19 | ||
| 008 | 021128n2002 000 0 eng u | ||
| 035 | _a(Sirsi) u120606 | ||
| 245 | _aRegeneration aid needed in poorest communities | ||
| 260 | _c2002 | ||
| 490 |
_aODPM News Release _v (130) 27 November 2002, (3) |
||
| 520 | _aRegeneration minister has urged European Union to reform state rules to aid most deprived communities. This is in response to publication of "The governments'response to the Transport, Local Government and the Regions Select Committee report - The need for a new European regeneration framework" which highlights failure to secure agreement to a framework, and criticises Partnership Investment Programme replacement schemes which are subject to range of financial and other restrictions making them of limited value. Select Committee report obtainable from t +44 (0)20 7944 4400 or downloadable from www.urban.odpm.gov.uk/publications/response/cm5688/index.htm ODPM News Release www.odpm.gov.uk/news/0211/0130.htm | ||
| 590 | _aWB | ||
| 650 | _aGAP FUNDING | ||
| 650 | _aEUROPEAN UNION | ||
| 650 | _aPARTNERSHIP INVESTMENT PROGRAMME | ||
| 650 | _aPIP | ||
| 690 | _aREGENERATION | ||
| 942 | _n0 | ||
| 999 |
_c71661 _d71661 |
||